Cities and Towns in Berkshire County, MA - Statistics

General Stats
  • This quiz has been taken 9 times
  • The average score is 16 of 32
Answer Stats
Letter Answer % Correct
A Adams
86%
N North Adams
86%
W Williamstown
86%
L Lee
71%
L Lenox
71%
P Pittsfield*
71%
B Becket
57%
F Florida
57%
G Great Barrington
57%
M Mount Washington
57%
O Otis
57%
P Peru
57%
R Richmond
57%
S Stockbridge
57%
W Washington
57%
W West Stockbridge
57%
D Dalton
43%
E Egremont
43%
H Hancock
43%
H Hinsdale
43%
L Lanesborough
43%
M Monterey
43%
S Sandisfield
43%
S Savoy
43%
S Sheffield
43%
W Windsor
43%
A Alford
29%
C Cheshire
29%
C Clarksburg
29%
N New Ashford
29%
N New Marlborough
29%
T Tyringham
29%
No matching quizzes found
Score Distribution
Percent of People with Each Score
Percentile by Number Answered
Your Score History
You have not taken this quiz